|
|
|
|
| LEADER |
00000nam a2200000 i 4500 |
| 001 |
ELB133913 |
| 003 |
FINmELB |
| 005 |
20200820162738.0 |
| 006 |
m o u |
| 007 |
cr cn||||||||| |
| 008 |
081205s2009 caua ob 001 0 eng d |
| 020 |
|
|
|a 9781446203491
|q (e-book)
|
| 020 |
|
|
|z 9781848601369
|
| 035 |
|
|
|a (OCoLC)843092476
|
| 040 |
|
|
|a FINmELB
|b eng
|e rda
|c FINmELB
|
| 050 |
|
4 |
|a HV751.A6
|b K6 2009
|
| 082 |
0 |
4 |
|a 362.70941
|2 23
|
| 100 |
1 |
|
|a Knowles, Gianna.
|
| 245 |
1 |
0 |
|a Ensuring every child matters /
|c Gianna Knowles.
|
| 264 |
|
1 |
|a Los Angeles ;
|a London :
|b SAGE,
|c 2009.
|
| 300 |
|
|
|a 1 online resource (ix, 166 pages) :
|b illustration
|
| 336 |
|
|
|a text
|b txt
|2 rdacontent
|
| 337 |
|
|
|a computer
|b c
|2 rdamedia
|
| 338 |
|
|
|a online resource
|b cr
|2 rdacarrier
|
| 504 |
|
|
|a Includes bibliographical references (pages 155-161) and index.
|
| 588 |
|
|
|a Description based on metadata supplied by the publisher and other sources.
|
| 590 |
|
|
|a Electronic reproduction. Santa Fe, Arg.: elibro, 2020. Available via World Wide Web. Access may be limited to eLibro affiliated libraries.
|
| 650 |
|
0 |
|a Social work with children
|z Great Britain.
|
| 650 |
|
0 |
|a Social work with children
|x Government policy
|z Great Britain.
|
| 650 |
|
0 |
|a Children
|x Services for
|x Government policy
|z Great Britain.
|
| 650 |
|
0 |
|a Children
|x Services for
|z Great Britain.
|
| 655 |
|
4 |
|a Electronic books.
|
| 797 |
2 |
|
|a elibro, Corp.
|
| 856 |
4 |
0 |
|u https://elibro.uam.elogim.com/ereader/bidiuam/133913
|z Texto completo
|
| 950 |
|
|
|a eLibro English
|